000 00494pab a2200193 454500
008 180718b2009 xxu||||| |||| 00| 0 eng d
100 _aField, Erica
245 _aIodine deficiency and schooling attainment in Tanzania
260 _c2009
300 _ap.140-69.
362 _aOct
650 _aSchools - Tanzania
650 _aSchools
700 _aTorero, Maximo
700 _aRobles, Omar
773 _aAmerican Economic Journal: Applied Economics
908 _aN
909 _a85011
999 _c85011
_d85011